000 00512nam a22001697a 4500
999 _c163154
_d163154
005 20190329143002.0
010 _aB-100029
020 _a8178220954
_c225.00
035 _aB-100029
037 _bNew Age Books
082 _a615.822
100 _aVennells, David F.
245 _aFundamentals of reflexology:
_bthe value of foot massage and pressure points /
_cDavid F. Vennells
260 _aNew Delhi
_bNew Age books
_c2003
300 _a232p.
_c22cm(pbk)
942 _2ddc
_cEN
_h615.822
_mVEN